000 01027cam a22003017a 4500
003 CHAP
005 20220329134149.0
008 971013s1983 r 00010 d
010 _a16377
011 _a17349
035 _a21432
040 _cCHAP
082 _a589.2
_bG82
100 0 0 _aGuzmán Huerta, Gastón.
_951965
245 1 4 _aThe genus Psilocybe; a systematic revision of the known species including the history, distribution and chemistry of the hallucinogenic species
260 _aVaduz, Ger., :
_bCramer,
_c1983
300 _a439 p.
_b; apénd. ; ilus
590 _aBATCH-UPD
_b10
_c20130110
_lUCH01
_h0246
590 _aBATCH-UPD
_b10
_c20130110
_lUCH01
_h2300
590 _aBATCH-UPD
_b10
_c20130410
_lUCH01
_h1552
590 _aBATCH-UPD
_b10
_c20130913
_lUCH01
_h1952
590 _aCONVERSION
_b10
_c20130109
_lUCH01
_h1310
650 1 4 _aAgaricaceas.
_91060
650 1 4 _aPsilocybe.
_992628
901 _aBK
942 _cLIBRO
949 _a589.2 G82
_bBC
_cLIBRO
_d33724000361747
_eLIBRO
_h61390
_i21432
_mDir
_si
_t4.41
999 _c16377
_d16377